000 00332 a2200109 4500
001 ART_9691
005 20260410161838.0
008 260409a
245 1 0 _aEl valor imponible de la exportación
100 1 _aFratalocchi, Aldo
773 0 _tContabilidad y administración
_g- Año 6, Nº 62 (ago. 1982)
_wREV5485
999 _c23811
_d23811